[Event "HUN-chT2 Toth 0809"]
[Site "Hungary"]
[Date "2008.11.30"]
[Round "3.10"]
[White "Lovas, Peter"]
[Black "Csepeli, Balazs"]
[Result "0-1"]
[WhiteElo "1825"]
[BlackElo "2068"]
[PlyCount "74"]
[EventDate "2008.10.26"]
[EventType "team-tourn"]
[EventRounds "11"]
[EventCountry "HUN"]
[SourceTitle "EXT 2010"]
[Source "ChessBase"]
[SourceDate "2010.11.25"]
[SourceVersion "1"]
[SourceVersionDate "2010.11.25"]
[SourceQuality "1"]
[WhiteTeam "Nadudvar"]
[BlackTeam "Toth Laszlo"]
[WhiteTeamCountry "HUN"]
[BlackTeamCountry "HUN"]

1. e4 c6 2. c4 d5 3. exd5 cxd5 4. d4 Nf6 5. Nc3 Nc6 6. cxd5 Nxd5 7. Bc4 Nb6 8. Bb5 a6 9. Bxc6+ bxc6 10. Be3 Nd5 11. Qb3 Be6 12. Qa4 Nxe3 13. fxe3 Bd7 14. Qc2 e6 15. Nf3 c5 16. 0-0 cxd4 17. exd4 Qb6 18. Kh1 f6 19. a3 Be7 20. Rfe1 Rc8 21. Rac1 Qb7 22. Qf2 0-0 23. Na2 Bd6 24. Rxc8 Rxc8 25. Rc1 Bc6 26. h3 a5 27. Rc3 Bd5 28. Rxc8+ Qxc8 29. Nc3 Bc6 30. Qe3 Bb8 31. Qe2 Qd7 32. Qe3 Qd6 33. Ne4 Qd5 34. Nc5 Kf7 35. Qb3 Qd6 36. Nxe6 Bd5 37. Qa4 Qxe6 0-1

[Event "HUN-chT U18"]
[Site "Miskolc"]
[Date "2008.10.30"]
[Round "6.7"]
[White "Szabo, Richard"]
[Black "Csepeli, Balazs"]
[Result "1/2-1/2"]
[WhiteElo "2024"]
[BlackElo "2068"]
[PlyCount "66"]
[EventDate "2008.10.27"]
[EventType "team-swiss"]
[EventRounds "8"]
[EventCountry "HUN"]
[SourceTitle "EXT 2016"]
[Source "ChessBase"]
[SourceDate "2015.10.08"]
[SourceVersion "1"]
[SourceVersionDate "2015.10.08"]
[SourceQuality "1"]

1. c4 e5 2. Nc3 Nf6 3. g3 Bb4 4. Bg2 0-0 5. d3 Re8 6. Bd2 a5 7. a3 Bc5 8. e3 c6 9. Qc2 d6 10. Nge2 Bf5 11. 0-0 Qc8 12. Na4 Nbd7 13. e4 Bg4 14. Nxc5 Bxe2 15. Nxd7 Qxd7 16. Rfe1 Bg4 17. Bg5 Nh5 18. f3 Be6 19. Qe2 h6 20. Be3 Nf6 21. f4 Bg4 22. Qf1 exf4 23. Bxf4 Nh7 24. Qf2 Nf8 25. Be3 c5 26. Bd2 Ng6 27. Bc3 Ne5 28. Qe3 a4 29. Rf1 f6 30. Rf4 Rac8 31. Raf1 Qe6 32. Qd2 Rc7 33. R4f2 Rf8 1/2-1/2

[Event "HUN-chT U18"]
[Site "Miskolc"]
[Date "2008.10.28"]
[Round "2.3"]
[White "Prohaszka, Peter"]
[Black "Csepeli, Balazs"]
[Result "1-0"]
[WhiteElo "2502"]
[BlackElo "2068"]
[PlyCount "97"]
[EventDate "2008.10.27"]
[EventType "team-swiss"]
[EventRounds "8"]
[EventCountry "HUN"]
[SourceTitle "EXT 2016"]
[Source "ChessBase"]
[SourceDate "2015.10.08"]
[SourceVersion "1"]
[SourceVersionDate "2015.10.08"]
[SourceQuality "1"]

1. d4 Nf6 2. c4 e6 3. Nf3 d5 4. g3 dxc4 5. Bg2 Nbd7 6. 0-0 a6 7. Nbd2 Nd5 8. Nxc4 b5 9. Nce5 Bb7 10. Nxd7 Qxd7 11. Ne5 Qd8 12. b3 c5 13. Bb2 f6 14. Nf3 Nb6 15. dxc5 Qxd1 16. Rfxd1 Bxc5 17. Rac1 Rc8 18. Ng5 Bxg2 19. Nxe6 Bd5 20. Nxc5 a5 21. e4 Bf7 22. Nb7 Rxc1 23. Rxc1 Kd7 24. Bd4 Nc8 25. Rc5 Nd6 26. Nxd6 Kxd6 27. Rxb5 a4 28. Rb7 Bg6 29. f3 axb3 30. axb3 Rg8 31. Kf2 Kc6 32. Ra7 Rd8 33. Ke3 Rd7 34. Rxd7 Kxd7 35. h4 Bf7 36. b4 Bc4 37. Bc3 Kc6 38. g4 Kd6 39. f4 Be6 40. f5 Bd7 41. Kf4 Ke7 42. g5 Bc6 43. e5 fxe5+ 44. Kxe5 Kd7 45. Bd4 Ba4 46. h5 Bb3 47. Kf4 Bd1 48. g6 hxg6 49. hxg6 1-0

[Event "Bayern-B U16"]
[Site "Oberhaching"]
[Date "2006.08.08"]
[Round "4"]
[White "Bigalke, Tobias"]
[Black "Csepeli, Balazs"]
[Result "1/2-1/2"]
[WhiteElo "2057"]
[BlackElo "2090"]
[PlyCount "48"]
[EventDate "2006.08.06"]
[EventType "tourn"]
[EventRounds "9"]
[EventCountry "GER"]
[SourceTitle "EXT 2007"]
[Source "ChessBase"]
[SourceDate "2006.11.23"]
[SourceVersion "1"]
[SourceVersionDate "2006.11.23"]
[SourceQuality "1"]

1. e4 c5 2. Nf3 Nc6 3. d4 cxd4 4. Nxd4 Nf6 5. Nc3 d6 6. Be2 e5 7. Nb3 a5 8. Bg5 Be7 9. 0-0 a4 10. Nd2 Be6 11. Bxf6 Bxf6 12. Nc4 Nd4 13. Ne3 0-0 14. Ncd5 Bg5 15. c3 Bxe3 16. Nxe3 Nxe2+ 17. Qxe2 Qa5 18. Rfd1 Rfd8 19. Nd5 Bxd5 20. Rxd5 Qc7 21. Rad1 a3 22. g3 axb2 23. Qxb2 h6 24. a3 Ra4 1/2-1/2

[Event "HUN-chT2 Toth 0506"]
[Site "Hungary"]
[Date "2005.10.16"]
[Round "1"]
[White "Csepeli, Balazs"]
[Black "Nagy, Geza"]
[Result "0-1"]
[WhiteElo "2023"]
[BlackElo "1834"]
[PlyCount "88"]
[EventDate "2005.10.16"]
[EventType "team"]
[EventRounds "11"]
[EventCountry "HUN"]
[SourceTitle "EXT 2009"]
[Source "ChessBase"]
[SourceDate "2008.11.26"]
[SourceVersion "1"]
[SourceVersionDate "2008.11.26"]
[SourceQuality "1"]
[WhiteTeam "Takisz"]
[BlackTeam "Szentes"]
[WhiteTeamCountry "HUN"]
[BlackTeamCountry "HUN"]

1. d4 Nf6 2. c4 c5 3. d5 b5 4. Nf3 g6 5. Qc2 Bg7 6. e4 d6 7. cxb5 a6 8. Nc3 0-0 9. a4 axb5 10. Bxb5 Ba6 11. 0-0 Ng4 12. Bxa6 Nxa6 13. h3 Ne5 14. Nxe5 Bxe5 15. Bh6 Re8 16. f4 Bd4+ 17. Kh1 Ra7 18. Nb5 Rb7 19. Qd2 Bh8 20. f5 Nc7 21. fxg6 hxg6 22. Qf2 f6 23. h4 Bg7 24. Nxc7 Qxc7 25. Be3 Kf7 26. e5 Rh8 27. exf6 exf6 28. Bg5 f5 29. Rab1 Rb4 30. Rfe1 Be5 31. Qc2 Rbxh4+ 32. Bxh4 Rxh4+ 33. Kg1 Bd4+ 34. Kf1 Rf4+ 35. Ke2 Rf2+ 36. Kd1 Rxc2 37. Kxc2 Qb7 38. Re2 Qxd5 39. b3 Qa8 40. Rh1 Qa5 41. Rh7+ Bg7 42. Rh3 Qb4 43. Rhe3 Be5 44. Kc1 Bf4 0-1

[Event "HUN-chT2 Toth 0405"]
[Site "Hungary"]
[Date "2005.04.10"]
[Round "10"]
[White "Csepeli, Balazs"]
[Black "Kiss, Balazs"]
[Result "1-0"]
[WhiteElo "2027"]
[BlackElo "2111"]
[PlyCount "61"]
[EventDate "2004.09.26"]
[EventType "team"]
[EventRounds "11"]
[EventCountry "HUN"]
[SourceTitle "EXT 2009"]
[Source "ChessBase"]
[SourceDate "2008.11.26"]
[SourceVersion "1"]
[SourceVersionDate "2008.11.26"]
[SourceQuality "1"]
[WhiteTeam "Takisz"]
[BlackTeam "Oroshaza"]
[WhiteTeamCountry "HUN"]
[BlackTeamCountry "HUN"]

1. d4 Nf6 2. c4 e6 3. Nc3 c5 4. d5 d6 5. e4 e5 6. Be2 g6 7. h3 Bg7 8. Nf3 0-0 9. g4 Na6 10. Be3 Ne8 11. Rg1 Nac7 12. Qd2 a6 13. Bh6 Bd7 14. Bxg7 Kxg7 15. h4 b5 16. h5 Qf6 17. hxg6 hxg6 18. Rh1 Qf4 19. Qxf4 exf4 20. g5 Rh8 21. 0-0-0 f6 22. Rxh8 Kxh8 23. Rh1+ Kg7 24. Rh4 b4 25. Nb1 fxg5 26. Nxg5 Nf6 27. Nd2 Rh8 28. Rxh8 Kxh8 29. Nf7+ Kg7 30. Nxd6 Ba4 31. Nb7 1-0